000 01083nam0a22002651 4500
001 rc\959166
005 20041129100424.2
035 _a(NLR Aleph) 006129641
090 _a5547688
_c5547688
100 _a20041129d1982 u |0rusy50 ca
101 0 _arus
102 _aRU
105 _ay |||||||||
200 1 _aСанитарная оценка окружающей среды в Среднем Поволжье
_e[Сб.статей
_fОтв. ред. к. м. н., доц. Н.П. Карханин]
210 _aМ.
_cБ. и.
_d1982
215 _a138 с.
_d20
225 1 _aСборник научных трудов
_f[Куйбышев. НИИ гигиены], Моск. НИИ гигиены им. Ф.Ф. Эрисмана
_vВып. 16
300 _aВ надзаг. также: М-во здравоохранения РСФСР
320 _aБиблиогр. в конце статей
702 1 _aКарханин
_bН. П.
_gНиколай Петрович
_4340
801 0 _aRU
_bNLR
_gpsbo
801 1 _aRU
_bELAR
_2rusmarc
852 _aNLR
_jП16/618
942 _cBOOK
980 _aNB